[Event "Wch Seniors 65 28th"]
[Site "Bled"]
[Date "2018.11.18"]
[Round "1"]
[White "Praznik, Anton"]
[Black "Wibe, Per H"]
[Result "1-0"]
[WhiteElo "2104"]
[BlackElo "1752"]
[PlyCount "109"]
[EventDate "2018.11.18"]
[EventType "swiss"]
[EventRounds "11"]
[EventCountry "SLO"]
[SourceTitle "CBM 187 Extra"]
[Source "ChessBase"]
[SourceDate "2018.11.04"]
[SourceVersion "1"]
[SourceVersionDate "2018.11.04"]
[SourceQuality "1"]

1. e4 c5 2. Nf3 d6 3. Bb5+ Bd7 4. Bxd7+ Qxd7 5. 0-0 Nc6 6. c3 e5 7. d4 Nf6 8. Re1 Be7 9. Na3 0-0 10. Bg5 Rad8 11. h3 h6 12. Bh4 Nh7 13. Bg3 Ng5 14. dxc5 Nxf3+ 15. Qxf3 dxc5 16. Rad1 Qe6 17. b3 Rxd1 18. Rxd1 Rd8 19. Rd5 f6 20. Qd1 Qc8 21. f3 Rxd5 22. Qxd5+ Kf8 23. Bf2 b6 24. Nc4 Nb8 25. a4 Qc6 26. Ne3 Qxd5 27. exd5 g6 28. g4 Nd7 29. Kf1 a6 30. c4 Ke8 31. Ke2 Kd8 32. Be1 a5 33. h4 Ke8 34. Kd3 Kf7 35. Ke4 Nf8 36. Bg3 Nd7 37. f4 Bd6 38. fxe5 Bxe5 39. Bxe5 Nxe5 40. h5 g5 41. Kf5 Nd3 42. d6 Ne5 43. Nd5 Nd7 44. Ne7 Ne5 45. Nd5 Nd7 46. Ne7 Ne5 47. Nd5 Nd7 48. Ne7 Ne5 49. Ng6 Nd7 50. Nh8+ Kg7 51. Ke6 Ne5 52. Ng6 Nc6 53. Ne7 Ne5 54. Nf5+ Kf8 55. d7 1-0

[Event "NOR-ch Seniors 65"]
[Site "Sarpsborg"]
[Date "2018.07.11"]
[Round "6"]
[White "Wibe, Per H"]
[Black "Andersen, Odd"]
[Result "1-0"]
[WhiteElo "1747"]
[BlackElo "1788"]
[PlyCount "67"]
[EventDate "2018.07.07"]
[EventType "swiss"]
[EventRounds "9"]
[EventCountry "NOR"]
[SourceTitle "EXT 2024"]
[Source "ChessBase"]
[SourceDate "2023.10.10"]
[SourceVersion "1"]
[SourceVersionDate "2023.10.10"]
[SourceQuality "1"]

1. d4 d5 2. Bf4 Nf6 3. Nf3 e6 4. e3 c5 5. c3 Nc6 6. Bd3 Bd7 7. Nbd2 c4 8. Bc2 b5 9. Ne5 Be7 10. Qf3 0-0 11. Qh3 g6 12. Bh6 Re8 13. 0-0 Bf8 14. Bg5 Be7 15. f4 Nh5 16. g4 Ng7 17. Nxf7 Kxf7 18. Qxh7 Rg8 19. Qxg6+ Kf8 20. Bh6 Qe8 21. Qh7 Nd8 22. Bg6 Nf7 23. f5 exf5 24. Bxf5 Bd6 25. Bg6 Be6 26. Rxf7+ Bxf7 27. Rf1 Qd7 28. Rxf7+ Qxf7 29. Bxf7 Kxf7 30. Nf3 Rae8 31. Ng5+ Kf6 32. Bxg7+ Rxg7 33. Qf5+ Ke7 34. Qe6+ 1-0

[Event "Wch Seniors 65 26th"]
[Site "Marianske Lazne"]
[Date "2016.11.30"]
[Round "11"]
[White "Wibe, Per H"]
[Black "Svoboda, Zdenek1111"]
[Result "1-0"]
[WhiteElo "1805"]
[BlackElo "1659"]
[PlyCount "79"]
[EventDate "2016.11.19"]
[EventType "swiss"]
[EventRounds "11"]
[EventCountry "CZE"]
[SourceTitle "EXT 2018"]
[Source "ChessBase"]
[SourceDate "2017.10.13"]
[SourceVersion "1"]
[SourceVersionDate "2017.10.13"]
[SourceQuality "1"]

1. d4 c6 2. Bf4 d5 3. Nf3 Bf5 4. c3 e6 5. e3 Bd6 6. Bd3 Bg4 7. Nbd2 Qc7 8. Bxd6 Qxd6 9. Qc2 Nf6 10. Ne5 Bh5 11. h3 Nbd7 12. Qb3 Rb8 13. f4 a6 14. g4 Bg6 15. Qc2 Ne4 16. Nxe4 dxe4 17. Bxe4 Nf6 18. Bxg6 hxg6 19. e4 Nxg4 20. Nxg4 Qxf4 21. Nf2 g5 22. Qd2 Ke7 23. Qxf4 gxf4 24. 0-0-0 g5 25. Rdg1 f6 26. e5 Rh4 27. exf6+ Kxf6 28. Ne4+ Kf5 29. Nxg5 Rg8 30. Nf3 Rxg1+ 31. Nxg1 Ke4 32. Kd2 f3 33. Rh2 Kf4 34. Rf2 Kg3 35. Ke1 Re4+ 36. Kf1 Re3 37. h4 Rd3 38. Rxf3+ Rxf3+ 39. Nxf3 Kxf3 40. h5 1-0

[Event "Wch Seniors 65 26th"]
[Site "Marianske Lazne"]
[Date "2016.11.24"]
[Round "6"]
[White "Kratschmer, Heinz"]
[Black "Wibe, Per H"]
[Result "1-0"]
[WhiteElo "2008"]
[BlackElo "1805"]
[PlyCount "117"]
[EventDate "2016.11.19"]
[EventType "swiss"]
[EventRounds "11"]
[EventCountry "CZE"]
[SourceTitle "CBM 175 Extra"]
[Source "ChessBase"]
[SourceDate "2016.12.12"]
[SourceVersion "1"]
[SourceVersionDate "2016.12.12"]
[SourceQuality "1"]

1. d4 Nf6 2. Nf3 d6 3. Nc3 Nbd7 4. e4 e5 5. Bc4 Be7 6. 0-0 0-0 7. a4 c6 8. Re1 exd4 9. Nxd4 Ne5 10. Bb3 Bg4 11. f3 c5 12. Ndb5 Be6 13. Bd5 Bc8 14. Qe2 a6 15. Na3 Rb8 16. Be3 Nxd5 17. Nxd5 Be6 18. Red1 Bxd5 19. Rxd5 Qc7 20. Rad1 Rfd8 21. b3 Nd7 22. Nc4 Nf6 23. R5d2 b5 24. Nb2 Qc6 25. Bf4 Nh5 26. Be3 Bf6 27. axb5 axb5 28. Rd5 g6 29. Nd3 Ng7 30. Nf2 Ne6 31. Ng4 Bg7 32. Qd2 h5 33. Nf2 Bf8 34. f4 c4 35. bxc4 bxc4 36. f5 Nc7 37. Ra5 Rb5 38. fxg6 fxg6 39. Rxb5 Qxb5 40. Bh6 Qe5 41. Bxf8 Rxf8 42. Qb4 Kg7 43. Qxc4 d5 44. Qd4 Re8 45. Qxe5+ Rxe5 46. c4 d4 47. Rxd4 Ne6 48. Rd5 Kf6 49. g3 Ng5 50. Kg2 Nxe4 51. Rxe5 Kxe5 52. Nxe4 Kxe4 53. h4 Kd4 54. Kf3 Kxc4 55. Kf4 Kd4 56. Kg5 Ke4 57. Kxg6 Kf3 58. Kxh5 Kxg3 59. Kg5 1-0

[Event "Wch Seniors 65 26th"]
[Site "Marianske Lazne"]
[Date "2016.11.21"]
[Round "3"]
[White "Wibe, Per H"]
[Black "De Giorgis, Georges"]
[Result "1-0"]
[WhiteElo "1805"]
[BlackElo "1653"]
[PlyCount "101"]
[EventDate "2016.11.19"]
[EventType "swiss"]
[EventRounds "11"]
[EventCountry "CZE"]
[SourceTitle "CBM 175 Extra"]
[Source "ChessBase"]
[SourceDate "2016.12.12"]
[SourceVersion "1"]
[SourceVersionDate "2016.12.12"]
[SourceQuality "1"]

1. d4 d5 2. Bf4 Nc6 3. c3 e6 4. Nf3 f6 5. e3 Nge7 6. Bd3 Ng6 7. Bg3 Bd6 8. Qc2 f5 9. h4 Bd7 10. h5 Nf8 11. Nbd2 Bxg3 12. fxg3 Qf6 13. Nb3 b6 14. Ba6 Rb8 15. Bb5 a5 16. Nbd2 Na7 17. Bd3 Nc6 18. 0-0-0 h6 19. Rdf1 Kd8 20. g4 g6 21. hxg6 Qxg6 22. gxf5 exf5 23. Nh4 Qg5 24. Nxf5 Bxf5 25. Rxf5 Qxe3 26. Rxd5+ Kc8 27. Ba6+ Rb7 28. Qd1 Kb8 29. Re1 Qf4 30. Re8+ Ka7 31. Bxb7 Kxb7 32. Qf3 Qxf3 33. gxf3 Ng6 34. Rxh8 Nxh8 35. Rd7 Ng6 36. Rh7 Nf4 37. Rxh6 Nd3+ 38. Kc2 Ne1+ 39. Kd1 Nd3 40. b3 b5 41. Rf6 b4 42. d5 Ne7 43. c4 Nc5 44. Ne4 Nd3 45. Rf7 Nc8 46. d6 Ne5 47. Rxc7+ Kb8 48. Rg7 Nb6 49. c5 Nbd7 50. f4 Nd3 51. Rxd7 1-0

[Event "NOR-ch Seniors-A"]
[Site "Oslo"]
[Date "2015.07.10"]
[Round "8"]
[White "Lea, Per"]
[Black "Wibe, Per H"]
[Result "0-1"]
[WhiteElo "1592"]
[BlackElo "1681"]
[PlyCount "52"]
[EventDate "2015.07.04"]
[EventType "swiss"]
[EventRounds "9"]
[EventCountry "NOR"]
[SourceTitle "EXT 2017"]
[Source "ChessBase"]
[SourceDate "2016.10.25"]
[SourceVersion "1"]
[SourceVersionDate "2016.10.25"]
[SourceQuality "1"]

1. e4 c5 2. Nf3 d6 3. d4 cxd4 4. Nxd4 a6 5. c4 Nf6 6. Nc3 e6 7. Bg5 Be7 8. Be2 0-0 9. Qd2 Qc7 10. 0-0 Nc6 11. Rac1 Ne5 12. b3 b6 13. f4 Ng6 14. f5 Ne5 15. Nf3 Neg4 16. h3 Ne5 17. Rcd1 Rd8 18. fxe6 fxe6 19. Nxe5 dxe5 20. Qc2 Bb7 21. Bf3 b5 22. cxb5 axb5 23. Rxd8+ Rxd8 24. Qc1 Rc8 25. Bxf6 Bxf6 26. Ne2 Qb6+ 0-1

[Event "NOR-ch Seniors-A"]
[Site "Oslo"]
[Date "2015.07.09"]
[Round "7"]
[White "Wibe, Per H"]
[Black "Ovesen, Karsten"]
[Result "0-1"]
[WhiteElo "1681"]
[BlackElo "1837"]
[PlyCount "108"]
[EventDate "2015.07.04"]
[EventType "swiss"]
[EventRounds "9"]
[EventCountry "NOR"]
[SourceTitle "EXT 2017"]
[Source "ChessBase"]
[SourceDate "2016.10.25"]
[SourceVersion "1"]
[SourceVersionDate "2016.10.25"]
[SourceQuality "1"]

1. e4 c6 2. g3 d5 3. e5 Bf5 4. d4 e6 5. Bg2 c5 6. Ne2 Nc6 7. c3 cxd4 8. Nxd4 Nxd4 9. Qxd4 Ne7 10. g4 Nc6 11. Qa4 Bg6 12. 0-0 Bd3 13. Rd1 b5 14. Qf4 Bg6 15. Be3 Be7 16. Nd2 Qc7 17. Nf3 0-0 18. Qg3 f5 19. Nd4 Nxd4 20. cxd4 fxg4 21. Qxg4 Qd7 22. Rac1 Rac8 23. Qe2 Bh4 24. Bf1 a6 25. a4 Qf7 26. Qd2 Be4 27. Bg2 Qg6 28. f4 bxa4 29. Kh1 Be7 30. Rg1 a3 31. bxa3 Bxa3 32. Ra1 Rc2 33. Qxc2 Bxc2 34. Rxa3 Be4 35. Rxa6 Rb8 36. Ra2 h6 37. Bf2 Rb1 38. Bg3 Bxg2+ 39. Raxg2 Qe4 40. h3 Rxg1+ 41. Kxg1 Qxd4+ 42. Kh2 Qe4 43. Rb2 d4 44. Rb8+ Kh7 45. Re8 d3 46. Rxe6 d2 47. Rd6 d1Q 48. Rxd1 Qe2+ 49. Kg1 Qxd1+ 50. Kf2 Qc2+ 51. Kf3 g6 52. h4 Kg7 53. Ke3 Kf7 54. Kf3 Ke6 0-1

[Event "NOR-ch Seniors-A"]
[Site "Oslo"]
[Date "2015.07.06"]
[Round "3"]
[White "Wibe, Per H"]
[Black "Overlie, Finn"]
[Result "1-0"]
[WhiteElo "1681"]
[BlackElo "1760"]
[PlyCount "65"]
[EventDate "2015.07.04"]
[EventType "swiss"]
[EventRounds "9"]
[EventCountry "NOR"]
[SourceTitle "EXT 2017"]
[Source "ChessBase"]
[SourceDate "2016.10.25"]
[SourceVersion "1"]
[SourceVersionDate "2016.10.25"]
[SourceQuality "1"]

1. e4 e5 2. g3 Nf6 3. Bg2 Bc5 4. Nc3 a6 5. Nge2 d6 6. h3 Nc6 7. d3 Be6 8. Nd5 Ne7 9. Nxf6+ gxf6 10. d4 Ba7 11. d5 Bd7 12. Be3 Bxe3 13. fxe3 f5 14. Qd3 fxe4 15. Bxe4 f5 16. Bf3 Ng6 17. Qb3 b6 18. 0-0-0 Qf6 19. Qc3 0-0-0 20. Qa3 Kb7 21. Bg2 Qg5 22. Kb1 Rhf8 23. Rhf1 Bb5 24. Rf2 Bxe2 25. Rxe2 Qxg3 26. c4 f4 27. Bf1 fxe3 28. Rxe3 Qf2 29. c5 dxc5 30. Qxa6+ Kb8 31. Ra3 Qf5+ 32. Bd3 c6 33. Qxb6+ 1-0

[Event "Oslo Vederhus Memorial op B"]
[Site "Oslo"]
[Date "2013.09.29"]
[Round "1"]
[White "Sjoberg, Isak"]
[Black "Wibe, Per H"]
[Result "0-1"]
[WhiteElo "1100"]
[BlackElo "1823"]
[PlyCount "38"]
[EventDate "2013.09.29"]
[EventType "swiss"]
[EventRounds "9"]
[EventCountry "NOR"]
[SourceTitle "EXT 2024"]
[Source "ChessBase"]
[SourceDate "2023.10.10"]
[SourceVersion "1"]
[SourceVersionDate "2023.10.10"]
[SourceQuality "1"]

1. e4 c6 2. d4 d6 3. Nf3 Nd7 4. Nc3 e5 5. dxe5 dxe5 6. Bc4 Be7 7. 0-0 Ngf6 8. Be3 0-0 9. Qd3 Qc7 10. Nd2 Ng4 11. f4 Nxe3 12. Qxe3 Bc5 13. Qxc5 Nxc5 14. Rad1 Bg4 15. Rde1 exf4 16. h3 Bh5 17. e5 Rad8 18. Nde4 Qxe5 19. Nxc5 Qxc5+ 0-1

[Event "Oslo Vederhus Memorial op B"]
[Site "Oslo"]
[Date "2013.09.29"]
[Round "2"]
[White "Wibe, Per H"]
[Black "Lien, Kjell Hakon"]
[Result "0-1"]
[WhiteElo "1823"]
[BlackElo "1939"]
[PlyCount "60"]
[EventDate "2013.09.29"]
[EventType "swiss"]
[EventRounds "9"]
[EventCountry "NOR"]
[SourceTitle "EXT 2024"]
[Source "ChessBase"]
[SourceDate "2023.10.10"]
[SourceVersion "1"]
[SourceVersionDate "2023.10.10"]
[SourceQuality "1"]

1. e4 c5 2. Nc3 Nc6 3. f4 g6 4. Nf3 Bg7 5. Bc4 e6 6. 0-0 Nge7 7. a3 0-0 8. d3 d5 9. exd5 exd5 10. Ba2 Bg4 11. Ne2 Nd4 12. Nexd4 Bxd4+ 13. Kh1 Nf5 14. c3 Bg7 15. Qe1 Bxf3 16. Rxf3 Re8 17. Qf2 d4 18. Bd2 Qd7 19. g4 dxc3 20. bxc3 Nd4 21. cxd4 Bxd4 22. Qf1 Bxa1 23. Qxa1 Re2 24. f5 Qc6 25. Qf1 Rxd2 26. Bxf7+ Kxf7 27. fxg6+ Kxg6 28. Qh3 Re8 29. Qh5+ Kg7 30. Qg5+ Kh8 0-1

[Event "Oslo Elo op"]
[Site "Oslo"]
[Date "2012.09.30"]
[Round "3"]
[White "Salomon, Johan"]
[Black "Wibe, Per H"]
[Result "1-0"]
[WhiteElo "2047"]
[BlackElo "1880"]
[PlyCount "59"]
[EventDate "2012.09.30"]
[EventType "swiss"]
[EventRounds "9"]
[EventCountry "NOR"]
[SourceTitle "EXT 2013"]
[Source "ChessBase"]
[SourceDate "2012.11.22"]
[SourceVersion "1"]
[SourceVersionDate "2012.11.22"]
[SourceQuality "1"]

1. e4 c5 2. Nf3 d6 3. c3 Nf6 4. Bc4 Nc6 5. Qe2 e6 6. 0-0 Be7 7. Bb3 0-0 8. h3 a6 9. Rd1 d5 10. e5 Nd7 11. d4 f6 12. exf6 Rxf6 13. Bc2 Nf8 14. dxc5 Ng6 15. c4 d4 16. Bg5 Nf4 17. Qe4 Nxh3+ 18. gxh3 Rg6 19. h4 Bxg5 20. hxg5 Qe7 21. Qh4 Qxc5 22. Bxg6 hxg6 23. Nxd4 Ne5 24. Qf4 Nf7 25. Nf3 e5 26. Nxe5 Bf5 27. Nxf7 Kxf7 28. Rd7+ Ke6 29. Rc7 Qa5 30. Nc3 1-0

[Event "Asker CC-ch"]
[Site "Asker"]
[Date "2012.05.14"]
[Round "7"]
[White "Odegaard, Per"]
[Black "Wibe, Per H"]
[Result "0-1"]
[WhiteElo "1692"]
[BlackElo "1700"]
[PlyCount "58"]
[EventDate "2012.01.16"]
[EventType "tourn"]
[EventRounds "9"]
[EventCountry "NOR"]
[SourceTitle "EXT 2024"]
[Source "ChessBase"]
[SourceDate "2023.10.10"]
[SourceVersion "1"]
[SourceVersionDate "2023.10.10"]
[SourceQuality "1"]

1. e4 c5 2. Nf3 d6 3. d4 cxd4 4. Nxd4 Nf6 5. Nc3 a6 6. Bg5 e6 7. Bc4 Be7 8. Qd2 Qc7 9. Bb3 0-0 10. 0-0-0 Rd8 11. g4 Nc6 12. Nde2 Na5 13. Bxf6 Nxb3+ 14. axb3 Bxf6 15. g5 Bxc3 16. Nxc3 b5 17. h4 b4 18. Na4 Rb8 19. h5 d5 20. g6 Bd7 21. gxf7+ Kxf7 22. Qg5 Bxa4 23. Rhg1 Kg8 24. bxa4 b3 25. c3 dxe4 26. Rde1 Rb4 27. a5 Ra4 28. Kb1 Rd5 29. Qf6 Ra1+ 0-1

[Event "Asker Autumn"]
[Site "Asker"]
[Date "2011.12.12"]
[Round "6"]
[White "Wibe, Per H"]
[Black "Aulin Jansson, Joran"]
[Result "0-1"]
[WhiteElo "1760"]
[BlackElo "2170"]
[PlyCount "72"]
[EventDate "2011.08.29"]
[EventType "tourn"]
[EventRounds "8"]
[EventCountry "NOR"]
[SourceTitle "EXT 2023"]
[Source "ChessBase"]
[SourceDate "2022.10.05"]
[SourceVersion "1"]
[SourceVersionDate "2022.10.05"]
[SourceQuality "1"]

1. c4 Nf6 2. Nc3 g6 3. g3 c5 4. Bg2 Bg7 5. d3 0-0 6. e4 Nc6 7. Nge2 a6 8. 0-0 Rb8 9. f4 d6 10. Rb1 Bd7 11. h3 b5 12. cxb5 axb5 13. Be3 b4 14. Nd5 Nxd5 15. exd5 Nd4 16. Nxd4 cxd4 17. Bd2 Qb6 18. b3 Rfc8 19. g4 Qa6 20. Re1 e6 21. Be4 exd5 22. Bxd5 Qxd3 23. Re7 Qg3+ 24. Bg2 Bc6 25. Qf1 Ra8 26. Be1 Qxg2+ 27. Qxg2 Bxg2 28. Kxg2 Rxa2+ 29. Kf3 d3 30. Bxb4 Bf6 31. Rd7 Bc3 32. Bxc3 Rxc3 33. Rd1 d2+ 34. Ke4 Rc1 35. f5 Rxd1 36. f6 Re1+ 0-1

[Event "Oslo op ELO"]
[Site "Oslo"]
[Date "2011.10.02"]
[Round "7"]
[White "Gonzales, Francisco Silva"]
[Black "Wibe, Per H"]
[Result "1-0"]
[WhiteElo "1981"]
[BlackElo "1824"]
[PlyCount "55"]
[EventDate "2011.10.02"]
[EventType "swiss"]
[EventRounds "9"]
[EventCountry "NOR"]
[SourceTitle "EXT 2023"]
[Source "ChessBase"]
[SourceDate "2022.10.05"]
[SourceVersion "1"]
[SourceVersionDate "2022.10.05"]
[SourceQuality "1"]

1. d4 Nf6 2. Nc3 d5 3. Bg5 e6 4. e4 dxe4 5. Nxe4 Be7 6. Bxf6 Bxf6 7. Nf3 0-0 8. Qd2 Nc6 9. 0-0-0 e5 10. d5 Nd4 11. Nxf6+ Qxf6 12. Nxd4 exd4 13. Qxd4 Qg5+ 14. Kb1 Rd8 15. h4 Qe7 16. Bc4 Rd6 17. Rhe1 Be6 18. Qe4 Qd7 19. Bd3 Bf5 20. Qxf5 Qxf5 21. Bxf5 g6 22. Be4 Rad8 23. c4 b6 24. Bf3 f5 25. b4 c5 26. dxc6 Rxd1+ 27. Rxd1 Rc8 28. Rd7 1-0

[Event "Asker Autumn"]
[Site "Asker"]
[Date "2011.09.05"]
[Round "2"]
[White "Wibe, Per H"]
[Black "Rostad, Rolf"]
[Result "1-0"]
[WhiteElo "1760"]
[BlackElo "1732"]
[PlyCount "57"]
[EventDate "2011.08.29"]
[EventType "tourn"]
[EventRounds "8"]
[EventCountry "NOR"]
[SourceTitle "EXT 2023"]
[Source "ChessBase"]
[SourceDate "2022.10.05"]
[SourceVersion "1"]
[SourceVersionDate "2022.10.05"]
[SourceQuality "1"]

1. c4 e5 2. Nc3 Nf6 3. g3 d5 4. cxd5 Nxd5 5. Bg2 Be6 6. Nf3 Nc6 7. 0-0 Be7 8. a3 0-0 9. e4 Nb6 10. d3 Qd7 11. Be3 Rad8 12. Ne1 Bg4 13. f3 Be6 14. f4 exf4 15. gxf4 Bg4 16. Bf3 Bh3 17. Bg2 Bh4 18. Qh5 Bxg2 19. Nxg2 Be7 20. Rad1 Nd4 21. f5 Bf6 22. Rf4 c6 23. Kh1 Qe7 24. Rg4 Kh8 25. Nf4 Qe5 26. Rdg1 Nd7 27. R1g3 g6 28. Rxg6 Rg8 29. Qxh7+ 1-0

[Event "Fagernes Norsk op-A"]
[Site "Fagernes"]
[Date "2011.04.17"]
[Round "5"]
[White "Wibe, Per H"]
[Black "Andersen, Per Oscar"]
[Result "0-1"]
[WhiteElo "1824"]
[BlackElo "2122"]
[PlyCount "94"]
[EventDate "2011.04.17"]
[EventType "swiss"]
[EventRounds "9"]
[EventCountry "NOR"]
[SourceTitle "CBM 141 Extra"]
[Source "ChessBase"]
[SourceDate "2011.05.03"]
[SourceVersion "1"]
[SourceVersionDate "2011.05.03"]
[SourceQuality "1"]

1. e4 c5 2. Nf3 e6 3. d4 cxd4 4. Nxd4 Nc6 5. Nc3 Qc7 6. Ncb5 Qb8 7. g3 a6 8. Nxc6 bxc6 9. Nc3 Nf6 10. Bg2 Bc5 11. 0-0 h5 12. Na4 Ba7 13. h4 Qxg3 14. Qf3 Qxh4 15. Bf4 Qg4 16. c4 Qxf3 17. Bxf3 d5 18. exd5 cxd5 19. Rad1 Bb7 20. Nc3 Ne4 21. cxd5 Nxc3 22. bxc3 0-0 23. Kg2 exd5 24. Bxd5 Bxd5+ 25. Rxd5 g6 26. Rfd1 Bb6 27. Bg5 f6 28. Rd6 Bxf2 29. Bxf6 Bc5 30. Rc6 Rfc8 31. Re6 Kf7 32. Rde1 Re8 33. Rxe8 Rxe8 34. Rxe8 Kxe8 35. Kf3 Kf7 36. Bg5 Ke6 37. Ke4 Be7 38. Be3 h4 39. a4 h3 40. Bf4 Bd6 41. Bxd6 Kxd6 42. Kf3 Kc5 43. Kg3 Kc4 44. Kxh3 Kxc3 45. Kg4 Kb4 46. Kg5 Kxa4 47. Kxg6 Kb3 0-1

[Event "Fagernes Norsk op-A"]
[Site "Fagernes"]
[Date "2011.04.17"]
[Round "7"]
[White "Wibe, Per H"]
[Black "Christiansen, Johan Sebastian"]
[Result "0-1"]
[WhiteElo "1824"]
[BlackElo "1924"]
[PlyCount "72"]
[EventDate "2011.04.17"]
[EventType "swiss"]
[EventRounds "9"]
[EventCountry "NOR"]
[SourceTitle "CBM 141 Extra"]
[Source "ChessBase"]
[SourceDate "2011.05.03"]
[SourceVersion "1"]
[SourceVersionDate "2011.05.03"]
[SourceQuality "1"]

1. e4 e6 2. d4 d5 3. e5 c5 4. c3 Nc6 5. a3 Qb6 6. Nf3 a5 7. Be2 cxd4 8. cxd4 Nh6 9. Nc3 Nf5 10. Nb5 Bd7 11. 0-0 Be7 12. a4 0-0-0 13. Bg5 Bxg5 14. Nxg5 Rdf8 15. Rc1 Kb8 16. Nf3 Rhg8 17. Rc3 g5 18. g4 Nh6 19. h3 f5 20. exf6 Rxf6 21. Qc2 Rg7 22. Rc5 Rf4 23. Ne5 Nxe5 24. dxe5 Nf7 25. Rc1 Bc6 26. Qc3 Rg6 27. Nd4 Nxe5 28. Nxc6+ Nxc6 29. Qh8+ Ka7 30. Qxh7 Ne5 31. Kg2 Rgf6 32. f3 Nxf3 33. Kg3 Nd4 34. Qd3 Nb3 35. Qc3 Rf2 36. Rb5 Qd6+ 0-1